خلاصة التواريخ ;; Khulāṣat al-tawārīkh / (Record no. 81918)
[ view plain ]
| 000 -LEADER | |
|---|---|
| fixed length control field | 00848cam a2200253 i 4500 |
| 001 - CONTROL NUMBER | |
| control field | 81918 |
| 003 - CONTROL NUMBER IDENTIFIER | |
| rucl marc code | BD-RjUL |
| 005 - DATE AND TIME OF LATEST TRANSACTION | |
| control field | 20230914145135.0 |
| 008 - FIXED-LENGTH DATA ELEMENTS--GENERAL INFORMATION | |
| fixed length control field | 220131s1966 p ah b 000 1 urd |
| 035 ## - SYSTEM CONTROL NUMBER | |
| System control number | (BD-RjUL)81918 |
| 037 ## - SOURCE OF ACQUISITION | |
| Terms of availability | 15.00 USD |
| 040 ## - CATALOGING SOURCE | |
| Original cataloging agency | DLC |
| Language of cataloging | eng |
| Description conventions | rda |
| Transcribing agency | DLC |
| 041 ## - LANGUAGE CODE | |
| Language code of text/sound track or separate title | urd |
| 082 ## - DEWEY DECIMAL CLASSIFICATION NUMBER | |
| Edition number | 23 |
| Classification number | 954.025 |
| Author mark and year | BEK 1966 |
| 100 ## - MAIN ENTRY--PERSONAL NAME | |
| Personal name | Betalovi, Sbhan Ray |
| 9 (RLIN) | 8981 |
| 245 10 - TITLE STATEMENT | |
| Title | خلاصة التواريخ ;; Khulāṣat al-tawārīkh / |
| Statement of responsibility, etc. | Nazir Hassan Zaidi ; Sbhan Ray betalovi ; ; سبحان رائے بٹالوی ؛ ناظر حسن زيدي |
| 250 ## - EDITION STATEMENT | |
| Edition statement | al-Ṭabʻah al-ūlá. |
| 264 #1 - PRODUCTION, PUBLICATION, DISTRIBUTION, MANUFACTURE, AND COPYRIGHT NOTICE | |
| Place of production, publication, distribution, manufacture | Lahore : |
| Name of producer, publisher, distributor, manufacturer | Markaj urdu ,, |
| Date of production, publication, distribution, manufacture, or copyright notice | 1966 |
| 300 ## - PHYSICAL DESCRIPTION | |
| Pagination | 711 pages : |
| Size | 24 cm. |
| 504 ## - BIBLIOGRAPHY, ETC. NOTE | |
| Bibliography, etc | Includes bibliographical references. |
| 650 #0 - SUBJECT ADDED ENTRY--TOPICAL TERM | |
| Topical term or geographic name as entry element | Empire moghol |
| 9 (RLIN) | 8982 |
| General subdivision | History |
| Chronological subdivision | 1000-1765 |
| 700 ## - ADDED ENTRY--PERSONAL NAME | |
| Personal name | Zaidi ; Nazir Hassan |
| 942 ## - ADDED ENTRY ELEMENTS (KOHA) | |
| Source of classification or shelving scheme | Dewey Decimal Classification |
| Koha item type | Books |
| Lost status | Source of classification or shelving scheme | Damaged status | Not for loan | Collection code | Permanent Location | Current Location | Shelving location | Date acquired | Source of acquisition | Cost, normal purchase price | Full call number | Date last seen | Copy number | Koha item type |
|---|---|---|---|---|---|---|---|---|---|---|---|---|---|---|
| Dewey Decimal Classification | Not For Loan | Non-fiction | Central Library, University of Rajshahi | Central Library, University of Rajshahi | Reading Room | 22/09/1969 | Book Cencre | 12.00 | U 954.025 BEK 1966 | 14/09/2023 | C-1 | Books |